Statistics for Guess the Famous People from their Eyes #35

Click here to take the quiz!

General Stats

  • This quiz has been taken 29 times
  • The average score is 4 of 16

Answer Stats

Answer% Correct
Liam Neeson
71%
Rupert Grint
61%
George Foreman
46%
Al Gore
43%
Kendall Jenner
43%
Raven-Symoné
32%
Jude Law
29%
Noel Gallagher
29%
Monica Bellucci
11%
Barbara Bush
7%
Yara Shahidi
4%
Chris O'Dowd
0%
Chyna
0%
Jenna Coleman
0%
Margot Kidder
0%
Salman Khan
0%

Score Distribution

Percentile by Number Answered

Percent of People with Each Score

Your Score History

You have not taken this quiz